| 000 | 01569cam a22003854a 4500 | ||
|---|---|---|---|
| 001 | 16205609 | ||
| 003 | OSt | ||
| 005 | 20230605114935.0 | ||
| 008 | 100427s2008 dcu b 000 0 eng c | ||
| 010 | _a 2010288687 | ||
| 020 | _z97809792328909 | ||
| 020 | _z097923902 | ||
| 035 | _a(OCoLC)ocn224045343 | ||
| 040 |
_aDBI _cDBI _dOCLCQ _dNDL _dYLS _dDLC |
||
| 042 | _apcc | ||
| 050 | 0 | 0 |
_aKZ6530 _b.K35 2008 |
| 082 |
_a325.21 _bKAL |
||
| 100 | 1 | _aKälin, Walter. | |
| 245 | 1 | 0 |
_aGuiding Principles on Internal Displacement : _bAnnotations / _cby Walter Kälin ; The American Society of International Law, the Brookings Institution--University of Bern Project on Internal Displacement. |
| 246 | 3 | _aGuiding principles on internal displacement | |
| 246 | 3 | _aGuiding priciples on internal displacement | |
| 250 | _aRev. ed. | ||
| 260 |
_aWashington, D.C. : _bThe American Society of International Law, _cc2008. |
||
| 300 |
_axv, 171 p. ; _c23 cm. |
||
| 440 | 0 |
_aStudies in transnational legal policy ; _vno. 38 |
|
| 504 | _aIncludes bibliographical references (p.143-149). | ||
| 650 | 0 |
_aInternally displaced persons _xLegal status, laws, etc. |
|
| 650 | 0 | _aForced migration. | |
| 650 | 0 | _aHumanitarian assistance. | |
| 710 | 2 | _aAmerican Society of International Law. | |
| 710 | 2 | _aBrookings-Bern Project on Internal Displacement. | |
| 906 |
_a7 _bcbc _cpccadap _d2 _encip _f20 _gy-gencatlg |
||
| 942 |
_2ddc _cBK |
||
| 999 |
_c339 _d339 |
||